| 000 | 01101nam a22002777a 4500 | ||
|---|---|---|---|
| 003 | OSt | ||
| 005 | 20240302073953.0 | ||
| 008 | 201015b 2011 dr 00| 0 spa d | ||
| 020 | _a9789945420906 | ||
| 040 |
_aDO-SdBNP _bspa _cBNPHU |
||
| 082 |
_222 _a808.1 _bC749f |
||
| 111 | 2 |
_aCongreso Internacional del Interiorismo _n(3o. : _d2010 : 22-23 oct. _cSanto Domingo, República Dominicana). _976911 |
|
| 245 | 1 | 0 |
_aFundamento estético del interiorismo / _cBruno Rosario Candelier |
| 260 |
_aSan Francisco de Macorís: _bAteneo Isular, _c2011 |
||
| 300 |
_a529 p. ; _c25 c. |
||
| 490 | 1 |
_a En la Interior Bodega; _v7 |
|
| 500 | _aIncluye datos biográficos del editor en las solapas | ||
| 590 | _aInventariado, 2020/VM | ||
| 650 | 7 |
_2Lemb _aArte y literatura _vCongresos, conferencias, etc _976912 |
|
| 650 | 7 |
_2Lemb _aEstética literaria _vCongresos, conferencias, etc _976913 |
|
| 650 | 7 |
_2Lemb _aEstilo literario _vCongresos, conferencias, etc _976914 |
|
| 700 | 1 |
_aRosario Candelier, Bruno, _d1941- _eed. _9851 |
|
| 830 |
_aEn la Interior Bodega; _n7 _973428 |
||
| 942 |
_2ddc _cLBS1 |
||
| 956 | _aVMateo | ||
| 999 |
_c48891 _d48891 |
||